19th Politburo of the Chinese Communist Party (2017-2022) - Statistics

General Stats
  • This quiz has been taken 7 times
  • The average score is 8 of 25
Answer Stats
Picture Hint Answer % Correct
2017-2022 Xi Jinping
100%
2017-2022 Li Keqiang
83%
2017-2022 Li Qiang
83%
2017-2022 Cai Qi
50%
2017-2022 Wang Huning
50%
2017-2022 Zhang Youxia
50%
2017-2022 Zhao Leji
50%
2017-2022 Ding Xuexiang
33%
2017-2022 Li Xi
33%
2017-2022 Wang Yang
33%
2017-2022 Chen Min'er
17%
2017-2022 Chen Quanguo
17%
2017-2022 Chen Xi
17%
2017-2022 Guo Shengkun
17%
2017-2022 Han Zheng
17%
2017-2022 Huang Kunming
17%
2017-2022 Hu Chunhua
17%
2017-2022 Li Hongzhong
17%
2017-2022 Liu He
17%
2017-2022 Li Zhanshu
17%
2017-2022 Sun Chunlan
17%
2017-2022 Wang Chen
17%
2017-2022 Xu Qiliang
17%
2017-2022 Yang Jiechi
17%
2017-2022 Yang Xiaodu
17%
No matching quizzes found
Score Distribution
Percent of People with Each Score
Percentile by Number Answered
Your Score History
You have not taken this quiz